LEADER 01321nam a2200289 u 4500 001 000000092629 003 CaOOAMICUS 005 20070226124947.0 008 060712s2006 it u000 u ita u 020 $a8821306135 035 $a11095546 040 $aPUL$bita 100 1 $aOttone, Enrica.$0(OLS)http://pul/name/59729 245 10$aDiritto all'educazione e processi educativi scolastici :$bun percorso di ricerca-azione in una scuola secondaria di secondo grado /$cEnrica Ottone. 260 $aRoma :$bLAS,$cc2006. 300 $a336 p. ;$c22 cm 490 1 $aIl prisma ;$v31 504 $aBibliografia: p. [297]-315. 650 4$aEducazione$xPersona.$0(OLS)http://pul/subject/29892 650 4$aEducazione$xDiritto.$0(OLS)http://pul/subject/28611 830 3$aIl prisma ;$v31.$0(OLS)http://pul/title/20363 850 $aPUL 852 $aPUL$W1$xSL Diritto e Scienze Sociali 3$y79$m344. 45 OTTEN 1$j116480$nBK-PRI$b $qDDC 21$B116480$CPULBib$Z2$F116480 $HPUL101920 $81 941 1 $a9 996 $6020$a8821306135$9(OLS)http://pul/number/121767 996 $6245$aDiritto all'educazione e processi educativi scolastici :$bun percorso di ricerca-azione in una scuola secondaria di secondo grado$9(OLS)http://pul/title/119534 996 $6260$aRoma :$bLAS$9(OLS)http://pul/publisher/48069 LEADER 01280nam a2200277 u 4500 001 000000063650 003 CaOOAMICUS 005 20070226121253.0 008 011105m19649999ne u000 u fre u 035 $a10908729 040 $aPUL(R)$bita 245 00$aBibliographie de la Réforme, 1450-1648 :$bouvrage parus de 1940 à 1955. 250 $a3e éd. 260 $aLeiden :$bBrill,$c<1964 >. 300 $av. <1 > ;$c24 cm 500 $aIn testa al front.: "Commission Internationale d'histoire ecclésiastique comparée, au sein du Comité International des sciences historiques". 505 1 $aFasc. I. Allemagne,Pays Bas. 650 4$aRiforma$xBibliografia.$0(OLS)http://pul/subject/6966 710 2 $aCommission internationale d'histoire ecclésiastique comparée.$0(OLS)http://pul/name/7975 710 2 $aInternational Committee of Historical Sciences.$0(OLS)http://pul/name/12247 850 $aPUL 852 $aPUL$W1$xDP2 Religione 1$y63$m73 A 8$j145819$nBK-PRI$qStampati$B82582$CPULBib$Z2$F82582 $H30671 $82 941 1 $a8 961 $aINV: 30668 996 $6245$aBibliographie de la Réforme, 1450-1648 :$bouvrage parus de 1940 à 1955$9(OLS)http://pul/title/84854 996 $6260$aLeiden :$bBrill$9(OLS)http://pul/publisher/47956